First Initials of Famous People - Statistics

General Stats
  • This quiz has been taken 1,083 times
    173 since last reset
  • The average score is 21 of 40
Answer Stats
Hint Initials Name Ending % Correct
Harry Potter J. K. Rowling
90%
The Great Gatsby F. Scott Fitzgerald
84%
U.S. vice president J. D. Vance
84%
The Lord of the Rings J. R. R. Tolkien
84%
Football player, actor, murder trial O. J. Simpson
82%
Founded a circus P. T. Barnum
80%
Gilded Age financier who headed bank J. P. Morgan
75%
The Chronicles of Narnia C. S. Lewis
74%
Director of the FBI J. Edgar Hoover
72%
The Catcher in the Rye J. D. Salinger
72%
War of the Worlds, The Time Machine H. G. Wells
68%
The Sixth Sense M. Night Shyamalan
66%
Winnie-the-Pooh A. A. Milne
65%
"The King of the Blues" B. B. King
65%
"The Love Song of J. Alfred Prufrock" T. S. Eliot
65%
Scientology L. Ron Hubbard
64%
Felicity, Star Trek, Star Wars J. J. Abrams
63%
The Wonderful Wizard of Oz L. Frank Baum
58%
Law and Order, Whiplash, Spider-Man J. K. Simmons
53%
Goosebumps R. L. Stine
51%
Lawrence of Arabia T. E. Lawrence
51%
Wrote Charlotte's Web and Stuart Little E. B. White
49%
"The Call of Cthulhu" H. P. Lovecraft
49%
canadian singer-songwriter k. d. lang
46%
Founded the retail company named after him L. L. Bean
42%
Peter Pan J. M. Barrie
41%
Lady Chatterley's Lover, The Rainbow D. H. Lawrence
40%
Airplane hijacker of 1971 unsolved case D. B. Cooper
39%
South African president; helped end apartheid F. W. de Klerk
37%
prolific american poet e. e. cummings
34%
A Passage to India and A Room with a View E. M. Forster
32%
Founder of the NAACP W. E. B. Du Bois
32%
Architect of the Louvre Pyramid I. M. Pei
28%
Director: The Birth of a Nation D. W. Griffith
27%
Rid of Me, To Bring You My Love P. J. Harvey
27%
Artist of tessellations and infinite staircases M. C. Escher
26%
Full Metal Jacket drill instructor R. Lee Ermey
26%
Psychologist: radical behaviorism B. F. Skinner
20%
The Outsiders S. E. Hinton
20%
"Biomechanical" artist: Alien xenomorph H. R. Giger
15%
No matching quizzes found
Score Distribution
Percent of People with Each Score
Percentile by Number Answered
Your Score History
You have not taken this quiz since the last reset